Chránené dielne a chránené pracoviská diplomová práca

Guardado en:
Detalles Bibliográficos
Autor principal: Reday, Richard
Autor Corporativo: Podnikovohospodárska fakulta EU so sídlom v Košiciach. Katedra hospodárskej informatiky a matematiky
Otros Autores: Tkáč, Michal, 1958-
Formato: Libro
Lenguaje:eslovaco
Publicado: Košice 2009
Etiquetas: Agregar Etiqueta
Sin Etiquetas, Sea el primero en etiquetar este registro!

MARC

LEADER 00000nam$a2200000$$$4500
001 0098836
005 20240318132932.4
041 0 |a slo 
044 |a SK 
245 1 0 |a Chránené dielne a chránené pracoviská  |b diplomová práca  |c Richard Reday ; škol. Michal Tkáč 
264 1 |a Košice  |c 2009 
300 |a 68 s. 
100 1 |a Reday, Richard 
700 1 |a Tkáč, Michal, 1958- 
710 2 |a Podnikovohospodárska fakulta EU so sídlom v Košiciach. Katedra hospodárskej informatiky a matematiky